Surviving the great depression of 1990 (Record no. 1291823)

MARC details
000 -LEADER
fixed length control field 00534nam a2200193Ia 4500
005 - DATE AND TIME OF LATEST TRANSACTION
control field 20250326141745.0
008 - FIXED-LENGTH DATA ELEMENTS--GENERAL INFORMATION
fixed length control field 250326s9999 xx 000 0 und d
020 ## - INTERNATIONAL STANDARD BOOK NUMBER
International Standard Book Number 0-671-66324-0
037 ## - SOURCE OF ACQUISITION
Stock number Textbook
040 ## - CATALOGING SOURCE
Original cataloging agency FMSL
Language of cataloging eng
Transcribing agency FMSL
041 ## - LANGUAGE CODE
Language code of text/sound track or separate title eng
Source of code eng
084 ## - COLON CLASSIFICATION NUMBER
Classification number X:742N90 M8
Assigning agency FMSL
100 ## - MAIN ENTRY--PERSONAL NAME
Personal name Batra R
9 (RLIN) 735101
245 #0 - TITLE STATEMENT
Title Surviving the great depression of 1990
Statement of responsibility, etc. Batra R
260 ## - PUBLICATION, DISTRIBUTION, ETC.
Place of publication, distribution, etc. NY
Name of publisher, distributor, etc. NY, Simon and Structure
Date of publication, distribution, etc. 1988
300 ## - PHYSICAL DESCRIPTION
Extent 367p
942 ## - ADDED ENTRY ELEMENTS (KOHA)
Koha item type Textbook
Classification part X:742N90 M8
Holdings
Withdrawn status Lost status Damaged status Not for loan Home library Current library Date acquired Total Checkouts Full call number Barcode Date last seen Price effective from Koha item type
        Faculty of Management Library Faculty of Management Library 2025-03-26   X:742N90 M8 ML1018287 2025-03-26 2025-03-26 Textbook
Copyright @ Delhi University Library System